Hình học 1 tập 1

Gardado en:
Detalles Bibliográficos
Autor Principal: Văn Như Cương (chủ biên)
Outros autores: Hoàng Trọng Thái Kiều Huy Luân
Formato: Libro
Idioma:Vietnamese
Publicado: H. Giáo dục 2000
Edición:Tái bản lần thứ 2
Series:Bộ giáo dục và đào tạo
Những chủ đề:
Các nhãn: Engadir etiqueta
Sen Etiquetas, Sexa o primeiro en etiquetar este rexistro!
Thư viện lưu trữ: Mạng thư viện Đại học Đà Nẵng
LEADER 00948nam a2200337 4500
001 000008084
003 4265
005 20111013161047.0
008 111013s2000 viesd
020 |c 5600đ 
041 0 |a vie 
082 |a 516  |b VA-C,T1 
100 0 |a Văn Như Cương  |e chủ biên 
245 1 0 |a Hình học 1  |c Văn Như Cương  |n tập 1 
250 |a Tái bản lần thứ 2 
260 |a H.  |b Giáo dục  |c 2000 
300 |a 99tr.  |c 20cm 
490 |a Bộ giáo dục và đào tạo 
653 |a Hình học 1 
653 |a Sách cao đẳng sư phạm 
700 |a Văn Như Cương  |e chủ biên 
700 |a Hoàng Trọng Thái  |a Kiều Huy Luân 
910 |a Ngô Thị Liên  |d 13/10/2011 
OWN |a LSP 
999 |a From the UDN01 
TYP |a Monograph 
TYP |a Printed language 
980 |a Mạng thư viện Đại học Đà Nẵng